Agaraki yogir atmajivani (Record no. 10100)

MARC details
000 -LEADER
fixed length control field 00602cam a2200217ua 4500
001 - CONTROL NUMBER
control field 11249
005 - DATE AND TIME OF LATEST TRANSACTION
control field 20260515114729.0
008 - FIXED-LENGTH DATA ELEMENTS--GENERAL INFORMATION
fixed length control field 190913n ii |||gr||||Z||||||asm
020 ## - INTERNATIONAL STANDARD BOOK NUMBER
International Standard Book Number 9788190898867
040 ## - CATALOGING SOURCE
Transcribing agency MAIN
082 ## - DEWEY DECIMAL CLASSIFICATION NUMBER
Classification number 920
100 ## - MAIN ENTRY--PERSONAL NAME
Personal name Paramhansa Yogananda,
Relator term Author.,
245 ## - TITLE STATEMENT
Title Agaraki yogir atmajivani
Statement of responsibility, etc. By Paramhansa Yogananda
250 ## - EDITION STATEMENT
Edition statement 1st ed.
260 ## - PUBLICATION, DISTRIBUTION, ETC.
Place of publication, distribution, etc. Guwahati:
Name of publisher, distributor, etc. Bhabani Publisher,
Date of publication, distribution, etc. 2017.
300 ## - PHYSICAL DESCRIPTION
Extent 679p.
653 ## - INDEX TERM--UNCONTROLLED
Uncontrolled term Biography, genealogy & insignia
653 ## - INDEX TERM--UNCONTROLLED
Uncontrolled term Autobiography of paramhansa Yogananda
700 ## - ADDED ENTRY--PERSONAL NAME
Personal name Anjan Sarma.,
Relator term Translator.,
942 ## - ADDED ENTRY ELEMENTS (KOHA)
Koha item type Books
Holdings
Withdrawn status Lost status Damaged status Not for loan Home library Current library Shelving location Date acquired Total checkouts Full call number Barcode Date last seen Copy number Price effective from Koha item type
        Naharkatiya College Library Naharkatiya College Library General stacks 09/19/2020   920Autobiography | YOG 26279 09/19/2020 1 09/19/2020 Books